000 00695cab a2200241 4500
001 WB3214-12
008 090401t1996 xxu||||| |||| 00| 0 eng d
035 _a(Sirsi) u64643
041 _aeng
245 _aTower energy efficiency
260 _c1996
350 _a0
490 _aContract Journal
_v28 March 1996, 23(1)
520 _aRefurbishment to the NatWest Tower will make it one of London`s most energy efficient buildings.
650 _aBlock management
_96220
650 _aENERGY EFFICIENT BUILDINGS
650 _aNATWEST TOWER
650 _aRefurbishment
_96264
690 _aPROPERTY-COMMERCIAL PROPERTY
690 _aENERGY
_96237
942 _n0
948 _c04/03/1997
999 _c40270
_d40270